书目信息 |
| 题名: |
建筑知识
|
|
| 作者: | 建设部住宅与房地产业司 编 | |
| 分册: | ||
| 出版信息: | 北京 中国物价出版社 1933.02 |
|
| 页数: | 332页 | |
| 开本: | 20cm | |
| 丛书名: | 《房地产产权产籍管理人员培训教材》之五 | |
| 单 册: | ||
| 中图分类: | F293.33 | |
| 科图分类: | ||
| 主题词: | 城市经济 , 市政经济 | |
| 电子资源: | ||
| ISBN: | 7-80155-167-2 | |
| 000 | 00768nam0 2200229 45 | |
| 001 | 0259045045 | |
| 005 | 2002061016240441 | |
| 010 | @a7-80155-167-2@dRMB 26.00 | |
| 100 | @a20020610d1933 km y0chiy0120 ea | |
| 101 | 0 | @achi |
| 102 | @aCN@b110000 | |
| 200 | 1 | @a建筑知识@Ajian zhu zhi shi@f建设部住宅与房地产业司编@Fjian she bu zhu zhai yu fang di chan ye si bian |
| 210 | @a北京@c中国物价出版社@d1933.02 | |
| 215 | @a332页@d20cm | |
| 225 | 2 | @a《房地产产权产籍管理人员培训教材》之五 |
| 461 | 0 | @12001 @a《房地产产权产籍管理人员培训教材》之五 |
| 606 | 0 | @a城市经济 |
| 606 | 0 | @a市政经济 |
| 690 | @aF293.33@v3 | |
| 701 | 0 | @a建设部住宅与房地产业司@Ajian she bu zhu zhai yu fang di chan ye si@4编 |
| 801 | 0 | @aCN@bPFT@c20020610 |
| 905 | @a安徽大学@dF293.33@eJ310:5 | |
| 建筑知识/建设部住宅与房地产业司编.-北京:中国物价出版社,1933.02 |
| 332页;20cm.-(《房地产产权产籍管理人员培训教材》之五) |
| ISBN 7-80155-167-2:RMB 26.00 |
| ● |
| 相关链接 |
|
|
|
正题名:建筑知识
索取号:F293.33/J310:5
 
预约/预借
| 序号 | 登录号 | 条形码 | 馆藏地/架位号 | 状态 | 备注 |
| 1 | 360348 | 203603485 | 社科库409/409社科库 104排2列4层/ [索取号:F293.33/J310:5] | 在馆 | |
| 2 | 360349 | 203603494 | 社科库409/409社科库 104排2列4层/ [索取号:F293.33/J310:5] | 在馆 | |
| 3 | 361661 | 203616612 | 社科库409/409社科库 104排2列4层/ [索取号:F293.33/J310:5] | 在馆 |